<?xml version="1.0" encoding="UTF-8"?>
<collection xmlns="http://www.loc.gov/MARC21/slim">
 <record>
  <leader>05993nam a2200421 a 4500</leader>
  <controlfield tag="001">kal5039</controlfield>
  <controlfield tag="003">Gr-AtHEAL</controlfield>
  <controlfield tag="005">20160425121726.0</controlfield>
  <controlfield tag="006">m        d        </controlfield>
  <controlfield tag="008">160413s2015    gr      s           gre|c</controlfield>
  <datafield tag="020" ind1=" " ind2=" ">
   <subfield code="a">9789606034480</subfield>
  </datafield>
  <datafield tag="040" ind1=" " ind2=" ">
   <subfield code="a">GR-AtHEAL</subfield>
   <subfield code="b">gre</subfield>
   <subfield code="c">GR-AtHEAL</subfield>
  </datafield>
  <datafield tag="082" ind1="0" ind2="4">
   <subfield code="a">530</subfield>
   <subfield code="2">23</subfield>
  </datafield>
  <datafield tag="100" ind1="1" ind2=" ">
   <subfield code="a">Βλάχος, Δημήτριος.</subfield>
   <subfield code="8">1190</subfield>
  </datafield>
  <datafield tag="245" ind1="1" ind2="0">
   <subfield code="a">Βασικά στοιχεία ηλεκτρομαγνητισμού</subfield>
   <subfield code="h">[Ηλεκτρονικός πόρος] </subfield>
   <subfield code="c">Βλάχος, Δημήτριος ; Κριτικός αναγνώστης,Καμαράτος, Ματθαίος.</subfield>
  </datafield>
  <datafield tag="260" ind1=" " ind2=" ">
   <subfield code="a">Αθήνα :</subfield>
   <subfield code="b">Σύνδεσμος Ελληνικών Ακαδημαϊκών Βιβλιοθηκών,</subfield>
   <subfield code="c">c2015.</subfield>
  </datafield>
  <datafield tag="490" ind1=" " ind2=" ">
   <subfield code="a">Ακαδημαϊκά Ηλεκτρονικά Συγγράμματα και Βοηθήματα Κάλλιπος</subfield>
   <subfield code="8">40</subfield>
  </datafield>
  <datafield tag="520" ind1=" " ind2=" ">
   <subfield code="a">Το εν λόγω σύγγραμμα έχει ως κύριο στόχο την παρουσίαση των βασικών αρχών της κλασσικής θεωρίας του ηλεκτρομαγνητισμού, με έναν σχετικά απλό και σύντομο τρόπο, χωρίς να πλατειάζει αλλά εστιάζοντας την προσοχή του αναγνώστη στα βασικά και ουσιώδη σημεία της θεωρίας και των εφαρμογών αυτής. Εν συντομία για την θεματολογία του βιβλίου, μπορούμε να ειπούμε ότι αρχικά περιγράφεται η θεμελιώδης φυσική ποσότητα του ηλεκτρικού φορτίου, και οι συνέπειες που επιφέρει στον τριγύρω χώρο με την δημιουργία ηλεκτρικού πεδίου και δυναμικού. Μελετώνται οι ηλεκτρικές δυνάμεις μεταξύ φορτίων και ορίζεται η ηλεκτρική δυναμική ενέργεια. Επίσης παρουσιάζεται ο υπολογισμός του ηλεκτρικού πεδίου συμμετρικών μη σημειακών φορτίων με την εφαρμογή του νόμου του Gauss. Εν συνεχεία παρουσιάζονται οι έννοιες της χωρητικότητας, του ηλεκτρικού ρεύματος και της ηλεκτρικής αντίστασης. Ιδιαίτερη έμφαση δίνεται στην παρουσίαση και ανάλυση των ηλεκτρικών κυκλωμάτων με αντιστάσεις και πυκνωτές. Επιπλέον παρουσιάζεται ο μαγνητισμός με την περιγραφή της μαγνητικής επαγωγής και μαγνητικών φαινομένων καθώς επίσης και των μαγνητικών ιδιοτήτων της ύλης. Μελετώνται οι ηλεκτρομαγνητικές δυνάμεις και οι εφαρμογές τους, ενώ το φαινόμενο της ηλεκτρομαγνητικής επαγωγής σε όλες του τις εκφάνσεις (αυτεπαγωγή και αμοιβαία επαγωγή) περιγράφεται πλήρως. Το βιβλίο κλείνει με την παρουσίαση των εναλλασσομένων ρευμάτων και των ηλεκτρομαγνητικών κυμάτων. Αξίζει να σημειωθεί ότι ένας αντιπροσωπευτικός αριθμός ερωτήσεων και προβλημάτων (όχι πολύ μεγάλος) ακολουθεί κάθε κεφάλαιο με σκοπό την καλύτερη αξιολόγηση των αποκτηθέντων γνώσεων του αναγνώστη. Επίσης θα πρέπει να αναφερθεί ότι το μαθηματικό υπόβαθρο του βιβλίου έγκειται σε βασικές γνώσεις διανυσματικού και ολοκληρωτικού λογισμού προπτυχιακού επιπέδου. Ιδιαίτερη έμφαση δίνεται στην λεπτομερειακή παρουσίαση των μαθηματικών πράξεων, αρχίζοντας από τους ορισμούς των φυσικών ποσοτήτων και καταλήγοντας στις πιο σύνθετες σχέσεις που περιγράφουν τα ηλεκτρομαγνητικά φαινόμενα.</subfield>
  </datafield>
  <datafield tag="650" ind1=" " ind2="0">
   <subfield code="a">Electromagnetism</subfield>
   <subfield code="8">2418</subfield>
  </datafield>
  <datafield tag="653" ind1=" " ind2=" ">
   <subfield code="a">Ηλεκτρομαγνητικά κύματα</subfield>
  </datafield>
  <datafield tag="653" ind1=" " ind2=" ">
   <subfield code="a">Εναλλασσόμενα ρεύματα</subfield>
  </datafield>
  <datafield tag="653" ind1=" " ind2=" ">
   <subfield code="a">Αμοιβαία επαγωγή</subfield>
  </datafield>
  <datafield tag="653" ind1=" " ind2=" ">
   <subfield code="a">Ηλεκτρομαγνητική επαγωγή</subfield>
  </datafield>
  <datafield tag="653" ind1=" " ind2=" ">
   <subfield code="a">Ηλεκτρομαγνητικές δυνάμεις</subfield>
  </datafield>
  <datafield tag="653" ind1=" " ind2=" ">
   <subfield code="a">Μαγνητισμός</subfield>
  </datafield>
  <datafield tag="653" ind1=" " ind2=" ">
   <subfield code="a">Ηλεκτρικά κυκλώματα</subfield>
  </datafield>
  <datafield tag="653" ind1=" " ind2=" ">
   <subfield code="a">Ηλεκτρικό ρεύμα</subfield>
  </datafield>
  <datafield tag="653" ind1=" " ind2=" ">
   <subfield code="a">Ηλεκτρικό δυναμικό</subfield>
  </datafield>
  <datafield tag="653" ind1=" " ind2=" ">
   <subfield code="a">Ηλεκτρικό πεδίο</subfield>
  </datafield>
  <datafield tag="653" ind1=" " ind2=" ">
   <subfield code="a">Φορτίο</subfield>
  </datafield>
  <datafield tag="653" ind1=" " ind2=" ">
   <subfield code="a">Φυσική</subfield>
   <subfield code="a">Γενική φυσική</subfield>
  </datafield>
  <datafield tag="653" ind1=" " ind2=" ">
   <subfield code="a">Φυσική</subfield>
   <subfield code="a">Ηλεκτρομαγνητισμός, οπτική, ακουστική, μεταφορά θερμότητας, κλασική μηχανική,  ρευστοδυναμική</subfield>
   <subfield code="a">Ηλεκτρομαγνητισμός</subfield>
  </datafield>
  <datafield tag="700" ind1="1" ind2=" ">
   <subfield code="a">Καμαράτος, Ματθαίος</subfield>
   <subfield code="e">Κριτικός αναγνώστης</subfield>
   <subfield code="8">1191</subfield>
  </datafield>
  <datafield tag="856" ind1="4" ind2="0">
   <subfield code="u">http://hdl.handle.net/11419/5039</subfield>
   <subfield code="z">Πλήρες Κείμενο - Full text</subfield>
  </datafield>
  <datafield tag="907" ind1=" " ind2=" ">
   <subfield code="a">.b25679454</subfield>
   <subfield code="b">12-06-18</subfield>
   <subfield code="c">29-07-16</subfield>
  </datafield>
  <datafield tag="949" ind1=" " ind2=" ">
   <subfield code="0">0</subfield>
   <subfield code="1">0</subfield>
   <subfield code="2">ddc</subfield>
   <subfield code="4">0</subfield>
   <subfield code="6">530_000000000000000_ΒΛΑ</subfield>
   <subfield code="7">0</subfield>
   <subfield code="8">KALL</subfield>
   <subfield code="8">704</subfield>
   <subfield code="d">2016-04-13</subfield>
   <subfield code="r">2016-04-13</subfield>
   <subfield code="w">2016-04-13</subfield>
   <subfield code="z">530 ΒΛΑ</subfield>
   <subfield code="o">SEAB KALLIPOS</subfield>
  </datafield>
  <datafield tag="998" ind1=" " ind2=" ">
   <subfield code="a">80</subfield>
   <subfield code="a">01</subfield>
   <subfield code="a">02</subfield>
   <subfield code="a">03</subfield>
   <subfield code="a">04</subfield>
   <subfield code="a">05</subfield>
   <subfield code="a">06</subfield>
   <subfield code="a">07</subfield>
   <subfield code="a">08</subfield>
   <subfield code="a">09</subfield>
   <subfield code="a">10</subfield>
   <subfield code="a">11</subfield>
   <subfield code="a">12</subfield>
   <subfield code="a">13</subfield>
   <subfield code="a">14</subfield>
   <subfield code="a">15</subfield>
   <subfield code="a">16</subfield>
   <subfield code="a">17</subfield>
   <subfield code="a">18</subfield>
   <subfield code="a">19</subfield>
   <subfield code="a">20</subfield>
   <subfield code="a">21</subfield>
   <subfield code="a">22</subfield>
   <subfield code="a">23</subfield>
   <subfield code="a">24</subfield>
   <subfield code="a">25</subfield>
   <subfield code="a">26</subfield>
   <subfield code="b">16-05-17</subfield>
   <subfield code="c">m</subfield>
   <subfield code="d">z  </subfield>
   <subfield code="e">-</subfield>
   <subfield code="f">gre</subfield>
   <subfield code="g">gr </subfield>
   <subfield code="h">0</subfield>
  </datafield>
  <datafield tag="942" ind1=" " ind2=" ">
   <subfield code="2">ddc</subfield>
   <subfield code="c">KALLIPOS</subfield>
  </datafield>
 </record>
</collection>
